000
00318 a2200145 4500
001
157264
040
_c
Escola São Tomás de Aquino
240
1
0
_a
A festa no céu
_l
por
245
1
0
_a
A festa no céu
300
_a
29 p.
362
0
_a
2005
440
1
_a
Melhoramentos
697
_a
*LITERATURA INFANTO
942
_c
BK
999
_c
157264
_d
157264